MARC

LEADER 00000nam0a2200000 4500
001 360895
005 20231102011332.0
035 |a (RuTPU)RU\TPU\retro\18221 
090 |a 360895 
100 |a 20210518d1973 m y0rusy50 ca 
101 1 |a rus  |c lav 
102 |a RU 
105 |a a z 001zb 
200 1 |a Леа Давыдова-Медене  |e пер. с лат.  |f Р. Н. Чаупова  |g пер. С. И. Хаенко 
210 |a Москва  |c Советский художник  |d 1973 
215 |a 96 с.  |c ил. 
225 1 |a Скульптура 
320 |a Библиогр.: с. 89 
600 1 |a Давыдова-Медене  |b Л.  |c советский латвийский скульптор  |f 1921-1986  |g Леа  |2 stltpush  |3 (RuTPU)RU\TPU\pers\46959 
606 1 |a Скульптура  |2 stltpush  |3 (RuTPU)RU\TPU\subj\55079  |9 73151 
610 1 |a изобразительное искусство 
610 1 |a Латвийская ССР 
610 1 |a скульпторы 
610 1 |a скульптуры 
610 1 |a портретные композиции 
610 1 |a 20 век 
675 |a 73  |v 4 
700 1 |a Чаупова  |b Р. Н.  |g Рута Николаевна 
702 1 |a Хаенко  |b С. И.  |4 730 
801 1 |a RU  |b 63413507  |c 20210518 
801 2 |a RU  |b 63413507  |c 20210915  |g RCR 
942 |c BK